|
|
|
|
| LEADER |
00000nam0a2200000 4500 |
| 001 |
89843 |
| 005 |
20231031103212.0 |
| 020 |
|
|
|a RU
|b 86-56054
|
| 035 |
|
|
|a (RuTPU)RU\TPU\book\96378
|
| 090 |
|
|
|a 89843
|
| 100 |
|
|
|a 20060130d1986 m a0rusy5003 ca
|
| 101 |
0 |
|
|a rus
|
| 102 |
|
|
|a RU
|
| 105 |
|
|
|a a j 001zy
|
| 200 |
1 |
|
|a Подземные гидротехнические сооружения
|e учебник для вузов
|f В. М. Мостков, В. А. Орлов, П. Д. Степанов и др.
|
| 210 |
|
|
|a Москва
|c Высшая школа
|d 1986
|
| 215 |
|
|
|a 463,[1] с.
|c ил.
|d 22 см
|
| 300 |
|
|
|a Авт. указаны на обороте тит. л.
|
| 320 |
|
|
|a Библиогр.: с. 457
|
| 320 |
|
|
|a Предм. указ.: с. 458-460
|
| 610 |
1 |
|
|a гидротехнические сооружения
|
| 610 |
1 |
|
|a подземные сооружения
|
| 610 |
1 |
|
|a учебники
|
| 610 |
1 |
|
|a расчеты
|
| 610 |
1 |
|
|a подземные работы
|
| 610 |
1 |
|
|a организация
|
| 610 |
1 |
|
|a крепление
|
| 610 |
1 |
|
|a выработки
|
| 675 |
|
|
|a 627.8(075.8)
|z rus
|
| 701 |
|
1 |
|a Мостков
|b В. М.
|g Владимир Михайлович
|
| 701 |
|
1 |
|a Орлов
|b В. А.
|g Виктор Алексеевич
|
| 701 |
|
1 |
|a Степанов
|b П. Д.
|g Петр Дмитриевич
|
| 701 |
|
1 |
|a Хечинов
|b Ю. Е.
|g Юрий Евгеньевич
|
| 702 |
|
1 |
|a Мостков
|b В. М.
|g Владимир Михайлович
|4 070
|
| 801 |
|
0 |
|a RU
|b RuMRKP
|c 19950704
|g psbo
|
| 801 |
|
1 |
|a RU
|b 63413507
|c 20060130
|g PSBO
|
| 801 |
|
2 |
|a RU
|b 63413507
|c 20060413
|g PSBO
|
| 942 |
|
|
|c BK
|